| Tag |
First Indicator |
Second Indicator |
Subfields |
| LEADER |
00000cas a2200000 4500 |
| 001 |
in00000042280 |
| 005 |
20151007072631.0 |
| 008 |
780714d19uu1988okuar1 r 0uuua0eng |
| 010 |
|
|
|a 59030229
|
| 022 |
|
|
|a 0471-3877
|
| 035 |
|
|
|a (OCoLC)04052899
|
| 035 |
|
|
|9 AAE8265AM
|
| 040 |
|
|
|a DLC
|c TXG
|d TXG
|d TXA
|d UtOrBLW
|
| 049 |
|
|
|a TXAE [Latest] [ed: Ref]
|a TXAF
|
| 050 |
|
0 |
|a TN867
|b .O523
|
| 245 |
0 |
0 |
|a Oil directory of Houston, Texas.
|
| 264 |
|
1 |
|a Tulsa, Okla. :
|b C.L. Cooper,
|c 1uuu-1987.
|
| 300 |
|
|
|a volumes ;
|c 18 cm.
|a annual.
|
| 336 |
|
|
|a text
|b txt
|2 rdacontent
|
| 337 |
|
|
|a unmediated
|b n
|2 rdamedia
|
| 338 |
|
|
|a volume
|b nc
|2 rdacarrier
|
| 362 |
0 |
|
|a 19 -1987/88.
|
| 490 |
0 |
|
|a Midwest oil register
|
| 650 |
|
0 |
|a Petroleum industry and trade
|z Texas
|z Houston.
|
| 760 |
0 |
|
|t Midwest oil register
|
| 999 |
|
|
|a MARS
|
| 999 |
f |
f |
|s 198c6060-d1d2-3f81-a1fc-1902f61e1386
|i b829847f-67c5-3025-9129-00d0284f9387
|t 0
|
| 952 |
f |
f |
|p ric
|a Texas A&M University
|b Rellis Campus
|c Joint Library Facility
|s JLF
|d Remote Storage
|t 0
|e TN867 .O523
|h Library of Congress classification
|i unmediated -- volume
|l 1981
|m A14807273994
|
| 952 |
f |
f |
|p ric
|a Texas A&M University
|b Rellis Campus
|c Joint Library Facility
|s JLF
|d Remote Storage
|t 0
|e TN867 .O523
|h Library of Congress classification
|i unmediated -- volume
|l 1984
|m A14807909163
|
| 952 |
f |
f |
|p ric
|a Texas A&M University
|b Rellis Campus
|c Joint Library Facility
|s JLF
|d Remote Storage
|t 0
|e TN867 .O523
|h Library of Congress classification
|i unmediated -- volume
|l 1986
|m A14809838465
|
| 952 |
f |
f |
|p serial
|a Texas A&M University
|b Rellis Campus
|c Joint Library Facility
|s JLF
|d Remote Storage
|t 0
|e TN867 .O523
|h Library of Congress classification
|i unmediated -- volume
|l 1985
|m A14808412004
|
| 952 |
f |
f |
|p ric
|a Texas A&M University
|b Rellis Campus
|c Joint Library Facility
|s JLF
|d Remote Storage
|t 0
|e TN867 .O523
|h Library of Congress classification
|i unmediated -- volume
|k 1987/1988
|m A14812575995
|
| 952 |
f |
f |
|p ric
|a Texas A&M University
|b Rellis Campus
|c Joint Library Facility
|s JLF
|d Remote Storage
|t 0
|e TN867 .O523
|h Library of Congress classification
|i unmediated -- volume
|l 1982
|m A14807349834
|
| 952 |
f |
f |
|p ric
|a Texas A&M University
|b Rellis Campus
|c Joint Library Facility
|s JLF
|d Remote Storage
|t 0
|e TN867 .O523
|h Library of Congress classification
|i unmediated -- volume
|l 1983
|m A14807311239
|
| 998 |
f |
f |
|a TN867 .O523
|s 1967-1987/1988
|t 0
|l Remote Storage
|